ARRUPE JESUIT UNIVERSITY

CORONAVIRUS -STOP THE SPREAD - CLEAN,DISINFECT,COVER

How to read the Gospels (Record no. 7929)

MARC details
000 -LEADER
fixed length control field 00627nam a2200229Ia 4500
003 - CONTROL NUMBER IDENTIFIER
control field 0100
008 - FIXED-LENGTH DATA ELEMENTS--GENERAL INFORMATION
fixed length control field 130303s9999 xx 000 0 und d
020 ## - INTERNATIONAL STANDARD BOOK NUMBER
International Standard Book Number 1565480767
040 ## - CATALOGING SOURCE
Transcribing agency ARRUPELIB
050 ## - LIBRARY OF CONGRESS CALL NUMBER
Classification number BS2555.2.H291996
100 ## - MAIN ENTRY--PERSONAL NAME
Personal name Daniel Harrington, S.J
245 ## - TITLE STATEMENT
Title How to read the Gospels
245 ## - TITLE STATEMENT
Remainder of title answers to common questions
260 ## - PUBLICATION, DISTRIBUTION, ETC. (IMPRINT)
Place of publication, distribution, etc U.S.A
260 ## - PUBLICATION, DISTRIBUTION, ETC. (IMPRINT)
Name of publisher, distributor, etc New City Press
260 ## - PUBLICATION, DISTRIBUTION, ETC. (IMPRINT)
-- 1996
300 ## - PHYSICAL DESCRIPTION
Extent 95p. 20cm
650 ## - SUBJECT ADDED ENTRY--TOPICAL TERM
Topical term following geographic name as entry element Francis of Assisi,Saint, 1182 - 1226
650 ## - SUBJECT ADDED ENTRY--TOPICAL TERM
Location of event Christian saints --Italy-- Assisi -- Biography -- Early Works to 1800
700 ## - ADDED ENTRY--PERSONAL NAME
Personal name S.J Daniel Harrington
942 00 - ADDED ENTRY ELEMENTS (KOHA)
Koha issues (borrowed), all copies 1
Holdings
Withdrawn status Lost status Source of classification or shelving scheme Damaged status Not for loan Collection code Home library Current library Shelving location Date acquired Total Checkouts Full call number Barcode Date last seen Date checked out Copy number Price effective from Koha item type
    Library of Congress Classification     Main Collection ARRUPE LIBRARY ARRUPE LIBRARY   04/03/2013 3 BS2555.2.H291996 46003019763 01/08/2016 19/09/2016 1 04/03/2013 Monograph ( Printed materials)

 

Arrupe Library. PO Box MP320 Mt Pleasant, Harare, Zimbabwe
263 242 745411|librarian@aju.ac.zw